Countries with the Shortest Life Expectancy - Statistics

General Stats
  • This quiz has been taken 69 times
  • The average score is 25 of 30
Answer Stats
Life expectancy Answer % Correct
63.62 Niger
96%
61.60 Democratic Republic of the Congo
94%
54.36 Central African Republic
91%
60.54 Mali
91%
64.70 Zambia
91%
55.75 Nigeria
89%
58.34 Somalia
89%
62.16 Zimbabwe
89%
58.74 South Sudan
87%
55.17 Chad
85%
64.94 Ghana
85%
62.22 Angola
83%
62.84 Benin
83%
62.71 Burundi
83%
55.65 Lesotho
83%
62.13 Mozambique
83%
55.92 Sierra Leone
83%
62.13 Togo
83%
64.38 Uganda
83%
60.32 Cameroon
81%
61.05 Eswatini
81%
62.64 Guinea
81%
63.26 Gambia
80%
58.75 Ivory Coast
80%
64.86 Namibia
80%
59.38 Guinea-Bissau
78%
64.88 South Africa
76%
62.98 Burkina Faso
74%
59.82 Equatorial Guinea
70%
64.99 Haiti
67%
No matching quizzes found
Score Distribution
Percent of People with Each Score
Percentile by Number Answered
Your Score History
You have not taken this quiz